000 00536nam a2200181Ia 4500
003 OSt
005 20260128112248.0
008 210210b1948 xxu||||| |||| 00| 0 eng d
040 _cAL
041 _aKannada
082 _a854/22
100 _aANANTANARAYANA (S)
_990716
_dಅನಂತನಾರಾಯಣ (ಎಸ್)
245 _aKarantara kadambarigalu
_bಕಾರಂತರ ಕಾದಂಬರಿಗಳು
260 _aMaisuru
_bUsha Sahitya Male
_c1948
690 _aKannada Criticism
_990717
906 _a019873
942 _2ddc
_cBK
999 _c144023
_d144023